000 01800nam0a22003611 4500
001 rc\817751
005 20260406135443.0
035 _a(NLR Aleph) 006000617
090 _a7224708
_c7224708
100 _a20041129d1984 |||y0rusy50 ca
101 0 _arus
102 _aRU
105 _ay |||||||||
200 1 _aИзбранное
210 _aМинск
_cМастац. лiт.
_d1984
215 _a383 с.
_d20
327 0 _aСодерж.: Экзамен; Критики; Петька Краснов рассказывает; Космос, нервная система и шмат сала; Два письма; Как помирал старик; Нечаянный выстрел; Охота жить; "Рассказ"; Волки, и др.
464 0 _12001#$aЭкзамен
_tЭкзамен
464 0 _12001#$aКритики
_tКритики
464 0 _12001#$aПетька Краснов рассказывает
_tПетька Краснов рассказывает
464 0 _12001#$aКосмос, нервная система и шмат сала
_tКосмос, нервная система и шмат сала
464 0 _12001#$aДва письма
_tДва письма
464 0 _12001#$aКак помирал старик
_tКак помирал старик
464 0 _12001#$aНечаянный выстрел
_tНечаянный выстрел
464 0 _12001#$aОхота жить
_tОхота жить
464 0 _12001#$aˆ"‰Рассказ"
_tˆ"‰Рассказ"
464 0 _12001#$aВолки
_tВолки
700 1 _7ca
_8rus
_aШукшин
_bВ. М.
_f1929-1974
_gВасилий Макарович
_9112686
_3RU\NLR\AUTH\772678
801 0 _aRU
_bNLR
_gpsbo
801 1 _aRU
_bELAR
_2rusmarc
852 _aNLR
_j85-3/1431
942 _cBOOK
980 _aNB